| 000 | 00554nam a2200169 a 4500 | ||
|---|---|---|---|
| 001 | 000036270 | ||
| 005 | 20200930075635.0 | ||
| 008 | 120112s1988 sp 000 0 spa d | ||
| 020 | _a8476054347 | ||
| 040 |
_aDO-SdBNP _bspa _cBNPHU |
||
| 082 |
_axxx _bM912f |
||
| 100 | 1 |
_aMosquera González, José Manuel _962383 |
|
| 245 | 1 | 0 |
_aFarmacología para enfermeras / _cJosé Mosquera González, Pedro Galdos Anuncibay. |
| 260 |
_aMadrid : _bInteramericana _bMcGraw-Hill, _c1988. |
||
| 300 |
_a335 p. : _bil. ; _c24 cm. |
||
| 700 | 1 |
_aGaldos Anuncibay, Pedro _962384 |
|
| 999 |
_c35761 _d35761 |
||